| 000 | 01254cim a22003494a 4500 | ||
|---|---|---|---|
| 001 | 14886440 | ||
| 003 | EG-ScBUE | ||
| 005 | 20220622103209.0 | ||
| 007 | ss lunjlcmpnue | ||
| 008 | 070611s2008 enkann f 000 f eng d | ||
| 020 | _a9781405876759 | ||
| 040 |
_aDLC _beng _erda _cDLC _dEG-ScBUE |
||
| 082 | 0 | 4 |
_222 _a813.54 _bGRO |
| 100 | 1 |
_aGroom, Winston, _d1944- _eauthor. _926158 |
|
| 245 | 1 | 0 |
_aForrest gump / _cWinston Groom. |
| 264 | 1 |
_aHarlow, England : _bPearson Education Limited, _c2008. |
|
| 300 |
_a43 pages : _billustrations ; _c20 cm. |
||
| 336 |
_2rdacontent _atext _btxt |
||
| 337 |
_2rdamedia _aunmediated _bn |
||
| 338 |
_2rdacarrier _avolume _bnc |
||
| 490 | 0 |
_aPenguin readers ; _vlevel 3 |
|
| 520 | _aPresents the adventures of Forrest Gump, a young man with a mental disability whose accomplishments and encounters with famous people make him an unlikely hero. | ||
| 521 | _aB1: Pre-Intermediate | ||
| 650 | 7 |
_aPeople with mental disabilities _vFiction. _2BUEsh _926159 |
|
| 650 | 7 |
_aYoung men _vFiction. _926160 _2BUEsh |
|
| 650 | 7 |
_aMentally handicapped _vFiction. _2BUEsh |
|
| 651 | _2BUEsh | ||
| 653 |
_cJuly2011 _bHHUUEENN |
||
| 655 |
_vReading book _934232 |
||
| 942 |
_2ddc _cBB |
||
| 999 |
_c15666 _d15666 |
||